[Event "AUS-ch Minor"]
[Site "Cammeray"]
[Date "2010.01.07"]
[Round "5"]
[White "Mag, Attila"]
[Black "Baldwin, Tony"]
[Result "0-1"]
[WhiteElo "1206"]
[BlackElo "1381"]
[PlyCount "120"]
[EventDate "2010.01.02"]
[EventType "swiss"]
[EventRounds "11"]
[EventCountry "AUS"]
[SourceTitle "EXT 2011"]
[Source "ChessBase"]
[SourceDate "2010.11.26"]
[SourceVersion "1"]
[SourceVersionDate "2010.11.26"]
[SourceQuality "1"]

1. e4 c6 2. d4 d5 3. e5 Bf5 4. Nf3 e6 5. Nh4 Qxh4 6. Be2 Qd8 7. c4 Bb4+ 8. Bd2 Bxd2+ 9. Nxd2 Ne7 10. g4 Bg6 11. h4 h6 12. Qb3 Qc7 13. 0-0-0 dxc4 14. Nxc4 0-0 15. h5 Be4 16. f3 Bd5 17. Qe3 b5 18. Nd6 Na6 19. g5 Nf5 20. Qf4 hxg5 21. Qxg5 Qe7 22. Qg1 Nh6 23. Qg3 f5 24. Rdg1 f4 25. Qg6 Kh8 26. Bd3 Nf5 27. Nxf5 exf5 28. Bxf5 Rxf5 29. Qxf5 Rf8 30. Qg4 Be6 31. Qg6 Bf5 32. Qg2 Rf7 33. Qg5 Qb4 34. Qd8+ Rf8 35. Qd6 Qc4+ 36. Kd2 Qd3+ 37. Ke1 Qb1+ 38. Kf2 Qxb2+ 39. Ke1 Qc1+ 40. Ke2 Qe3+ 41. Kd1 Qxf3+ 42. Kc1 Qc3+ 43. Kd1 Qa1+ 44. Ke2 Qxa2+ 45. Kf3 Qg8 46. h6 g6 47. e6 Bxe6 48. Qe5+ Kh7 49. Qd6 Bd5+ 50. Kf2 Bxh1 51. Rxh1 Qa2+ 52. Kg1 Qf7 53. Qxc6 Nc7 54. Qd6 Nd5 55. Rh2 f3 56. Kf2 Re8 57. Kf1 Ne3+ 58. Kf2 Ng4+ 59. Kg3 Nxh2 60. Kf2 Re2+ 0-1

[Event "AUS-ch Minor"]
[Site "Cammeray"]
[Date "2010.01.04"]
[Round "3"]
[White "Dai, Victor"]
[Black "Baldwin, Tony"]
[Result "0-1"]
[WhiteElo "788"]
[BlackElo "1381"]
[PlyCount "60"]
[EventDate "2010.01.02"]
[EventType "swiss"]
[EventRounds "11"]
[EventCountry "AUS"]
[SourceTitle "EXT 2011"]
[Source "ChessBase"]
[SourceDate "2010.11.26"]
[SourceVersion "1"]
[SourceVersionDate "2010.11.26"]
[SourceQuality "1"]

1. d4 Nf6 2. c4 e6 3. Nc3 Bb4 4. Bd2 b6 5. a3 Be7 6. b4 Bb7 7. c5 0-0 8. Bf4 Nd5 9. Qd2 Nxf4 10. Qxf4 Bg5 11. Qg3 Nc6 12. e3 Re8 13. Nf3 Bf6 14. Bd3 e5 15. d5 e4 16. Rc1 exf3 17. dxc6 fxg2 18. Rg1 Bxc6 19. Kd2 Bh4 20. Qh3 g6 21. Nd1 Ba4 22. Rc4 Bxd1 23. Rxh4 Qf6 24. Rxg2 Bf3 25. Rg1 Qb2+ 26. Bc2 Be4 27. Rc1 Re5 28. Rxh7 Rd5+ 29. Ke2 Bxc2 30. Rh8+ Qxh8 0-1

[Event "Australian Seniors"]
[Site "Tuggeranong"]
[Date "2007.01.02"]
[Round "2"]
[White "Baldwin, Tony"]
[Black "Korda, Augustin"]
[Result "0-1"]
[WhiteElo "1319"]
[BlackElo "1881"]
[PlyCount "84"]
[EventDate "2007.01.01"]
[EventType "tourn"]
[EventRounds "7"]
[EventCountry "AUS"]
[SourceTitle "EXT 2008"]
[Source "ChessBase"]
[SourceDate "2007.11.25"]
[SourceVersion "1"]
[SourceVersionDate "2007.11.25"]
[SourceQuality "1"]

1. d4 Nf6 2. Nf3 e6 3. Bg5 d5 4. e3 c6 5. Bd3 Nbd7 6. Nbd2 Be7 7. 0-0 h6 8. Bh4 c5 9. Ne5 c4 10. Nxd7 Bxd7 11. Be2 0-0 12. Nf3 Ne4 13. Bxe7 Qxe7 14. Nd2 Nd6 15. e4 dxe4 16. Nxc4 Nxc4 17. Bxc4 Bc6 18. Qe2 a6 19. Rad1 Rad8 20. Rd2 Rd6 21. Rfd1 Rfd8 22. Qh5 b5 23. Bb3 Bd5 24. Qe5 f5 25. h3 Bxb3 26. cxb3 Rd5 27. Qg3 Qg5 28. Qc3 f4 29. Qc6 R8d6 30. Qc2 Qf5 31. Re1 Rxd4 32. Rde2 e5 33. f3 Qd7 34. Rxe4 Rd2 35. Qc3 Qa7+ 36. Kh1 Qf2 37. Qc8+ Kh7 38. R1e2 Rd1+ 39. Re1 Rxe1+ 40. Rxe1 Qxe1+ 41. Kh2 Qg3+ 42. Kg1 Rd1# 0-1